| 000 | 00476ngm a22002057a 4500 | ||
|---|---|---|---|
| 005 | 20170227110329.0 | ||
| 008 | 160216b xxu||||| |||| 00| 0 spa d | ||
| 041 | _aspa | ||
| 082 | _a64 DVD | ||
| 100 |
_aUNED _940760 |
||
| 245 | _aOsa la Ășltima frontera | ||
| 260 |
_aCosta Rica _bUNED |
||
| 300 | _a27 minutos | ||
| 650 |
_aCOSTA RICA _940761 |
||
| 650 |
_aOSA _97578 |
||
| 650 |
_aFLORA _94418 |
||
| 650 |
_aFAUNA _94419 |
||
| 650 |
_aAGRICULTURA _91461 |
||
| 942 | _cDVD | ||
| 999 |
_c8906 _d8906 |
||